Epidemiology and public health : PreTest self-assessment and review /

Bibliographic Details
Other Authors: Gold, Ronald, Yankaskas, Bonnie C.
Format: Book
Language:English
Published: New York : McGraw-Hill, Health Professions Divisions, [1980]
Edition:2d ed.
Series:PreTest series
Subjects:

MARC

Tag First Indicator Second Indicator Subfields
LEADER 00000pam a2200000 i 4500
001 in00000627310
005 20151015061449.0
008 790706s1980 nyu b 00000 eng
010 |a  79083719  
020 |a 0070509670 :  |c $9.00 
035 |a (OCoLC)05222227 
035 |9 ACV6533AM 
040 |a DLC  |c DLC  |d m.c.  |d TXA  |d UtOrBLW 
049 |a TXAM  |c [950779] 
050 0 0 |a RA430  |b .E65 1980. 
060 0 |a WA18 E643 
082 0 |a 362.1/076 
245 0 0 |a Epidemiology and public health :  |b PreTest self-assessment and review /  |c edited by Ronald Gold, Bonnie C. Yankaskas. 
250 |a 2d ed. 
264 1 |a New York :  |b McGraw-Hill, Health Professions Divisions,  |c [1980] 
264 4 |c ©1980 
300 |a vii, 200 pages ;  |c 22 cm. 
336 |a text  |b txt  |2 rdacontent 
337 |a unmediated  |b n  |2 rdamedia 
338 |a volume  |b nc  |2 rdacarrier 
490 0 |a PreTest series 
500 |a First edition (1976) edited by D. A. Pearson. 
504 |a Bibliography: pages 195-200. 
650 0 |a Public health  |v Examinations, questions, etc. 
650 0 |a Epidemiology  |x Examinations, questions, etc. 
650 2 |a Epidemiology  |x Examination questions. 
650 2 |a Public Health  |x Examination questions. 
700 1 |a Gold, Ronald. 
700 1 |a Yankaskas, Bonnie C. 
999 |a MARS 
999 f f |s ba35ff9c-45a3-372c-af49-7f1e9e0b52f4  |i 4817f711-339b-32e3-99a4-c3218f37ed8b  |t 0 
952 f f |p ric  |a Texas A&M University  |b Rellis Campus  |c Joint Library Facility  |d Remote Storage  |t 0  |e RA430 .E65 1980.  |h Library of Congress classification  |i unmediated -- volume  |m A14805067826 
998 f f |a RA430 .E65 1980.  |t 0  |l Remote Storage